University Home | Library Home | Institutional Repository

General pathology and bacteriology for dental students. (Record no. 44711)

MARC details
000 -LEADER
fixed length control field 00644cam3a220021700 4500
001 - CONTROL NUMBER
control field qce02022118
005 - DATE AND TIME OF LATEST TRANSACTION
control field 20190813180430.0
008 - FIXED-LENGTH DATA ELEMENTS--GENERAL INFORMATION
fixed length control field 830824s1958 enka 000 0 eng d
035 ## - SYSTEM CONTROL NUMBER
System control number (Sirsi) r68120
035 ## - SYSTEM CONTROL NUMBER
System control number (QCAT)lss03857627
035 ## - SYSTEM CONTROL NUMBER
System control number (UPRA)qce02022118
040 ## - CATALOGING SOURCE
Modifying agency UPRA
100 1# - MAIN ENTRY--PERSONAL NAME
Personal name Bishton, Ronald Leslie.
Linkage A29079.1
245 10 - TITLE STATEMENT
Title General pathology and bacteriology for dental students.
260 ## - PUBLICATION, DISTRIBUTION, ETC.
Place of publication, distribution, etc. Bristol [England] :
Name of publisher, distributor, etc. Wright,
Date of publication, distribution, etc. 1958.
504 ## - BIBLIOGRAPHY, ETC. NOTE
Bibliography, etc. note Bibliography: p. 308.
650 #2 - SUBJECT ADDED ENTRY--TOPICAL TERM
Topical term or geographic name entry element Pathology
Linkage S1022.1
650 #2 - SUBJECT ADDED ENTRY--TOPICAL TERM
Topical term or geographic name entry element Bacteriology
Linkage S11136.1
949 ## - LOCAL PROCESSING INFORMATION (OCLC)
a RK307
w LC
i -91330
m MEDICAL
t BOOK
l ON-SHELF
Holdings
Withdrawn status Lost status Source of classification or shelving scheme Damaged status Not for loan Home library Current library Shelving location Total Checkouts Full call number Barcode Date last seen Copy number Price effective from Koha item type
    Library of Congress Classification     Medical Library Medical Library On Shelf   RK307 -91330 08/13/2019 1 08/13/2019 Book
© 2026 - The University of Zambia Library - Koha v25.11